LEADER 00946nam a2200241 i 4500 001 000000083875 003 CaOOAMICUS 005 20190410114918.0 008 180830s1971 it u000 u ita u 013 $a56115 040 $aSeMil$bita 100 1 $aJames, William <1842-1910>.$0(OLS)http://semarc/name/31252 245 10$aSaggi sull'empirismo radicale /$cJames ; a cura di Nino Dazzi. 264 1$aBari :$bLaterza,$c1971. 300 $a162 p. ;$c18 cm 490 1 $aPiccola biblioteca filosofica Laterza ;$v69 700 1 $aDazzi, Nino.$0(OLS)http://semarc/name/6048 830 0$aPiccola biblioteca filosofica Laterza ;$v69.$0(OLS)http://semarc/title/18486 850 $aSeMil 852 $aSeMil$W1$xVenegono$y1$m2P I 36$j212251$B48358$CSeMilBibl$Z2$F51474 $81 996 $6245$aSaggi sull'empirismo radicale$9(OLS)http://semarc/title/130807 996 $6264$aBari :$bLaterza$9(OLS)http://semarc/publisher/29858 LEADER 01252nam a2200265 i 4500 001 000000115807 003 CaOOAMICUS 005 20030529000000.0 008 030529s2001 it u000 u ita u 013 $a88496 040 $aSeMil$bita 245 10$aCronichetta della fondazione del convento de' Capuccini di Lecco :$b1718 /$criportata ed annotata a cura di Bruno Furlani. 250 $aEd. anastatica / a cura di Maria Assunta Bortolazzi, ed. numerata 321. 260 $a[S.l.] :$bEttore Bartolozzi,$cstampa 2001. 300 $aXIX, 201 p., [2] c. di tav., [2] p. di tav. :$b[1] c. di tav. ;$c24 cm. 500 $aFondo Card. C.M. Martini. 650 4$aLecco - Pescarenico - Convento dei Cappuccini.$0(OLS)http://semarc/subject/21178 700 1 $aFurlani, Bruno.$0(OLS)http://semarc/name/48392 700 1 $aBortolozzi, Maria Assunta.$0(OLS)http://semarc/name/93054 850 $aSeMil 852 $aSeMil$W1$xVenegono$y1$m3P IV 29$j71306$B71306$CSeMilBibl$Z2$F89035 $81 941 1 $a4 961 $aOmaggio: Martini Card. Carlo Maria 996 $6245$aCronichetta della fondazione del convento de' Capuccini di Lecco :$b1718$9(OLS)http://semarc/title/169688 996 $6260$a[S.l.] :$bEttore Bartolozzi$9(OLS)http://semarc/publisher/43189